000 01392nam a2200229Ia 4500
003 Ost
005 20260507075420.0
008 260507s9999||||xx |||||||||||||| ||und||
020 _a9789957328528
040 _cfsecg
041 _aara
082 _a330
100 _aكافي، مصطفى يوسف
_eمؤلف
245 0 _aمبادئ العلوم الإقتصادية /
_c مصطفى يوسف كافي
260 _aعمان:
_bدار الحامد,
_c2015
300 _a450 صفحة؛
_bإيضاحات ؛
_c25 سم
504 _aالمراجع ص.443
520 _aيضم مدخل إلى علم الإقتصاد، المشكلة الاقتصادية وحلولها، الأسعار ونظرية العرض والطلب، المرونة وتطبيقاتها، آلية تحديد سعر التوازن، الأسواق وأشكال تنظيماتها، نظرية سلوك المستهلك، نظرية سلوك المنتج، الثروة القومية ورأس المال القومي، مقاييس الدخل القومي، مفهوم النقود ووظائفها، أولويات البنوك، السياسة النقدية، السياسة المالية، التضخم والبطالة، السياسة التجارية وميزان المدفوعات وسعر الصرف.
653 _aالإقتصاد
653 _aالعلوم الإقتصادية
942 _cكتاب
999 _c44462
_d44462